000 00822nam a2200265Ia 4500
003 OSt
005 20220924115324.0
006 a|||||r|||| 00| 0
007 ta
008 220923b |||||||| |||| 00| 0 urd d
020 _a9381029938 (hbk)
020 _cINR 134.00
024 _a324153
037 _b4930, 25/02/2017, Kitabi Duniya
_cTextual
040 _aARTS
_cARTS
_burd
041 _2urd
_aurd
082 _aO168,8N23w, Q6
100 _aKhatoon Bibi Raza Au.
_9177756
245 0 _aUrdu tanz-o-mazah ka Yusuf-e-la saani
_b Mushtaq Ahmad Yusufi
260 _aDelhi
_bArshia publications India
_c2016
300 _a215p.
_ccm.
650 _aURDU SATIRE
942 _hO168,8N23w, Q6
_cTEXL
_2CC
999 _c397815
_d397815